|
|
|
|
| LEADER |
00000nam0a2200000 4500 |
| 001 |
24940 |
| 005 |
20231030200520.0 |
| 035 |
|
|
|a (RuTPU)RU\TPU\book\25173
|
| 035 |
|
|
|a BOOK00025246
|
| 090 |
|
|
|a 24940
|
| 100 |
|
|
|a 20011209d2000 km y0rusy50 ca
|
| 101 |
0 |
|
|a rus
|
| 102 |
|
|
|a RU
|
| 105 |
|
|
|a y z 000zy
|
| 200 |
1 |
|
|a Полевые исследования при геологосъемочных работах масштаба 1:200000
|h Вып. 3
|e Методические рекомендации
|f Всероссийский научно-исследовательский геологический институт им. А. П. Карпинского (ВСЕГЕИ)
|
| 210 |
|
|
|a СПб.
|c Изд-во ВСЕГЕИ
|d 2000
|
| 215 |
|
|
|a 11 с.
|
| 610 |
1 |
|
|a геология
|
| 610 |
1 |
|
|a геологическая съемка
|
| 610 |
1 |
|
|a полевые исследования
|
| 610 |
1 |
|
|a полевые работы
|
| 610 |
1 |
|
|a геоэкологические исследования
|
| 610 |
1 |
|
|a камеральная обработка
|
| 610 |
1 |
|
|a методические рекомендации
|
| 610 |
1 |
|
|a картография
|
| 610 |
1 |
|
|a ландшафты
|
| 675 |
|
|
|a 550.8:528(07)
|v 3
|
| 712 |
0 |
2 |
|a Всероссийский научно-исследовательский геологический институт им. А. П. Карпинского (ВСЕГЕИ)
|2 stltpush
|3 (RuTPU)RU\TPU\col\414
|
| 801 |
|
0 |
|a RU
|b 63413507
|c 20011209
|g PSBO
|
| 801 |
|
2 |
|a RU
|b 63413507
|c 20081226
|g PSBO
|
| 942 |
|
|
|c BK
|